[Event "4NCL/Div3/AD2 vs. OXF1"]
[Site "Telford ENG"]
[Date "2004.11.06"]
[Round "1.4"]
[White "Ozeren, Kemal"]
[Black "Edwards, Ray"]
[Result "1/2-1/2"]
[WhiteElo "2292"]
[BlackElo "2119"]
[PlyCount "89"]
[EventDate "2004.11.06"]
[SourceDate "2004.09.21"]

1. d4 d5 2. c4 e6 3. Nf3 Nf6 4. Bg5 Be7 5. e3 O-O 6. Nc3 h6 7. Bh4 Ne4 8. Bxe7
Qxe7 9. Rc1 Nxc3 10. Rxc3 c6 11. Bd3 dxc4 12. Bxc4 Nd7 13. Bb3 e5 14. O-O e4
15. Nd2 Nf6 16. Qc2 Bg4 17. Bc4 Rad8 18. h3 Bh5 19. Rb1 Bg6 20. b4 a6 21. a4
Nd5 22. Bxd5 Rxd5 23. Nc4 Qh4 24. Ne5 Bf5 25. f4 g5 26. Rf1 f6 27. Nc4 g4 28.
Nb6 Rd6 29. Rc5 Qh5 30. Qd1 Qg6 31. h4 g3 32. h5 Qg4 33. Qxg4+ Bxg4 34. Rfc1
Be2 35. Nc4 Bxc4 36. R5xc4 Rd5 37. Rc5 Rfd8 38. Kf1 Kf7 39. Ke2 Ke6 40. Rb1
Rxc5 41. bxc5 Rd7 42. Kd2 Kf5 43. Kc3 Kg4 44. Rh1 a5 45. Kc4 1/2-1/2

[Event "4NCL/Div3/AD2 vs. OXF1"]
[Site "Telford ENG"]
[Date "2004.11.06"]
[Round "1.5"]
[White "Mangwengwende, John"]
[Black "Coleman, James"]
[Result "1/2-1/2"]
[WhiteElo "2116"]
[BlackElo "2224"]
[PlyCount "61"]
[EventDate "2004.11.06"]
[SourceDate "2004.09.21"]

1. e4 e5 2. Nf3 Nc6 3. Bb5 Nf6 4. d3 Bc5 5. O-O d6 6. Be3 Bxe3 7. fxe3 O-O 8.
Nbd2 Ne7 9. Qe1 Ng6 10. Bc4 Be6 11. Bxe6 fxe6 12. Qg3 Qe7 13. Rf2 Rae8 14. Raf1
Nd7 15. h4 Nf6 16. c3 c5 17. Qg5 Nh8 18. Nh2 Nf7 19. Qg3 Nh6 20. Qh3 Nd7 21.
Ndf3 d5 22. exd5 exd5 23. Ng5 Rxf2 24. Rxf2 Nf6 25. e4 Qd6 26. Qf3 Qd7 27. Qe2
Nhg4 28. Nxg4 Qxg4 29. exd5 Qxe2 30. Rxe2 Nxd5 31. Nf3 1/2-1/2

[Event "4NCL/Div3/AD2 vs. OXF1"]
[Site "Telford ENG"]
[Date "2004.11.06"]
[Round "1.6"]
[White "Shaw, David A"]
[Black "Graham, Nick"]
[Result "1-0"]
[WhiteElo "2197"]
[BlackElo "2000"]
[PlyCount "73"]
[EventDate "2004.11.06"]
[SourceDate "2004.09.21"]

1. e4 e5 2. Nf3 Nc6 3. Bc4 Nf6 4. Ng5 d5 5. exd5 Na5 6. Bb5+ c6 7. dxc6 bxc6 8.
Be2 h6 9. Nf3 e4 10. Ne5 Bd6 11. d4 exd3 12. Nxd3 Qc7 13. b3 O-O 14. Bb2 Ne4
15. Nd2 Bf5 16. h3 Rfe8 17. O-O Rad8 18. Nxe4 Rxe4 19. Re1 Bb4 20. Rf1 Nb7 21.
Bf3 Re6 22. Qc1 Ba5 23. Rd1 Bxd3 24. cxd3 Rde8 25. Qc4 Qe7 26. Bxc6 Rd8 27. Bf3
Nd6 28. Qa4 Bb6 29. Rac1 Rg6 30. Qf4 Rg5 31. Re1 Qd7 32. Re5 Rg6 33. Rd5 Qxh3
34. Rxd6 Rdxd6 35. Qxd6 Qxf3 36. Rc8+ Kh7 37. Qxg6+ 1-0

[Event "4NCL/Div3/AD2 vs. OXF1"]
[Site "Telford ENG"]
[Date "2004.11.06"]
[Round "1.7"]
[White "Pritchard, David"]
[Black "Rawlinson, Aidan"]
[Result "1-0"]
[WhiteElo "1965"]
[BlackElo "2175"]
[PlyCount "71"]
[EventDate "2004.11.06"]
[SourceDate "2004.09.21"]

1. e4 e5 2. Nf3 Nf6 3. Nxe5 d6 4. Nxf7 Kxf7 5. d4 c5 6. Bc4+ d5 7. exd5 Bd6 8.
O-O Qc7 9. Bg5 Bg4 10. Qd3 cxd4 11. Bxf6 gxf6 12. Qxd4 Bf5 13. Nd2 Nd7 14. Nf3
Rag8 15. Bd3 Bh3 16. g3 Rg4 17. Qe3 Bc5 18. Qe6+ Kf8 19. d6 Bxd6 20. Bf5 Bxg3
21. Bxg4 Bxg4 22. Qxg4 Bxh2+ 23. Kh1 Rg8 24. Qe4 Nc5 25. Qh4 Qc6 26. Qh3 Bf4
27. Rg1 Bg5 28. Rg2 Ne4 29. Rd1 Rg6 30. Qf5 Nd6 31. Qd5 Qxd5 32. Rxd5 Ne4 33.
Nxg5 Nxg5 34. Rd7 Ke8 35. Rxb7 Rh6+ 36. Rh2 1-0

[Event "4NCL/Div3/AD2 vs. OXF1"]
[Site "Telford ENG"]
[Date "2004.11.06"]
[Round "1.8"]
[White "Milasiute, Vygante"]
[Black "Graham, Louis"]
[Result "1-0"]
[WhiteElo "2061"]
[BlackElo "1920"]
[PlyCount "75"]
[EventDate "2004.11.06"]
[SourceDate "2004.09.21"]

1. e4 e5 2. Nf3 Nc6 3. Bb5 a6 4. Ba4 Nf6 5. d3 b5 6. Bb3 Be7 7. O-O d6 8. c3
Be6 9. Re1 O-O 10. d4 Bxb3 11. axb3 exd4 12. Nxd4 Nxd4 13. Qxd4 c5 14. Qd3 Qc7
15. Nd2 Rfd8 16. f4 Qc6 17. c4 b4 18. Nf3 Bf8 19. h3 Re8 20. e5 dxe5 21. fxe5
Nd7 22. Ng5 g6 23. Qf1 f5 24. exf6 Qxf6 25. Rxe8 Rxe8 26. Rxa6 Qxf1+ 27. Kxf1
Bh6 28. Rd6 Ne5 29. Bd2 Rf8+ 30. Ke2 Re8 31. Re6 Rxe6 32. Nxe6 Bxd2 33. Kxd2
Nd7 34. Kd3 Kf7 35. Ng5+ Kg7 36. Ke4 h6 37. Nf3 Nb6 38. Ke5 1-0

[Event "4NCL/Div3/PPA1 vs. PPA2"]
[Site "Telford ENG"]
[Date "2004.11.06"]
[Round "1.1"]
[White "Swanson, Stephen"]
[Black "Gregory, Stephen J"]
[Result "1/2-1/2"]
[WhiteElo "2270"]
[BlackElo "2167"]
[PlyCount "98"]
[EventDate "2004.11.06"]
[SourceDate "2004.09.21"]

1. e4 d5 2. exd5 Qxd5 3. Nf3 Nf6 4. d4 Bg4 5. Be2 e6 6. h3 Bh5 7. O-O Be7 8. c4
Qd8 9. Nc3 O-O 10. Be3 Re8 11. a3 a5 12. Ne5 Bxe2 13. Qxe2 Nbd7 14. Rfd1 Qc8
15. Nxd7 Qxd7 16. Rd2 c5 17. d5 exd5 18. cxd5 Bd6 19. Qf3 Re5 20. a4 Rae8 21.
Qd1 Ne4 22. Nxe4 Rxe4 23. Qf1 Rxa4 24. Rc1 b6 25. Rdd1 Rb4 26. Rd2 f5 27. Rdc2
Rb3 28. Bd2 a4 29. Re1 Kf8 30. Bc3 Rxe1 31. Qxe1 b5 32. Be5 Rd3 33. Rd2 c4 34.
Bc3 Rxd2 35. Qxd2 Qe7 36. g3 h6 37. Bd4 Qe4 38. Qc3 Qe7 39. Qa5 Qd7 40. Qa8+
Kf7 41. Kg2 a3 42. bxa3 Bxa3 43. Be5 Bb4 44. Qc6 Qxc6 45. dxc6 Ke8 46. Kf3 g6
47. Ke2 Kd8 48. f3 Ba5 49. g4 Bc7 1/2-1/2

[Event "4NCL/Div3/PPA1 vs. PPA2"]
[Site "Telford ENG"]
[Date "2004.11.06"]
[Round "1.2"]
[White "Campo Millan, Diego"]
[Black "Hagesaether, Halvard"]
[Result "1/2-1/2"]
[WhiteElo "2120"]
[BlackElo "2258"]
[PlyCount "99"]
[EventDate "2004.11.06"]
[SourceDate "2004.09.21"]

1. e4 c5 2. Nc3 Nc6 3. g3 g6 4. Bg2 Bg7 5. f4 d6 6. d3 e6 7. Nf3 Nge7 8. O-O
O-O 9. Be3 Rb8 10. Qd2 Nd4 11. Rae1 b5 12. e5 Nef5 13. Bf2 Bb7 14. Ne4 dxe5 15.
Nxe5 f6 16. Nf3 Nxf3+ 17. Bxf3 Nd4 18. Bg2 f5 19. c3 fxe4 20. cxd4 Bxd4 21.
Bxe4 Qf6 22. Bxd4 Qxd4+ 23. Qf2 Rfd8 24. Bxb7 Rxb7 25. Rxe6 Qxf2+ 26. Rxf2 Rxd3
27. Re5 c4 28. Rc2 Kf7 29. Kf2 a6 30. Rce2 Rd6 31. g4 Rc7 32. R5e3 Rcd7 33. Kf3
Rd2 34. Re7+ Rxe7 35. Rxd2 Rc7 36. Rc2 Rd7 37. Ke4 Rd1 38. Rf2 Ke6 39. Rc2 Rg1
40. Kf3 Kd5 41. Rd2+ Kc5 42. a3 a5 43. f5 Rf1+ 44. Rf2 Rxf2+ 45. Kxf2 gxf5 46.
gxf5 Kd5 47. Ke3 b4 48. axb4 axb4 49. f6 Ke6 50. f7 1/2-1/2

[Event "4NCL/Div3/PPA1 vs. PPA2"]
[Site "Telford ENG"]
[Date "2004.11.06"]
[Round "1.3"]
[White "Posazhennikov, Alex"]
[Black "Goodger, Martyn"]
[Result "1-0"]
[WhiteElo "2256"]
[BlackElo "2159"]
[PlyCount "121"]
[EventDate "2004.11.06"]
[SourceDate "2004.09.21"]

1. e4 d5 2. exd5 Qxd5 3. Nc3 Qd6 4. d4 Nf6 5. Nf3 a6 6. Be2 Bg4 7. h3 Bh5 8.
Ne5 Bxe2 9. Nxe2 e6 10. O-O Be7 11. Bf4 Qd8 12. c4 O-O 13. Qb3 Qc8 14. Qf3 Nbd7
15. Rac1 Nxe5 16. dxe5 Nd7 17. Qg3 Kh8 18. Nc3 Qe8 19. Be3 Rc8 20. Ne4 f5 21.
exf6 gxf6 22. Bd4 Qg6 23. Qxg6 hxg6 24. f4 Kg8 25. Rfe1 Kf7 26. c5 Nb8 27. b4
Nc6 28. Bc3 Rfd8 29. Red1 Rxd1+ 30. Rxd1 Rd8 31. Rxd8 Bxd8 32. Kf2 b5 33. cxb6
cxb6 34. b5 axb5 35. Nd6+ Ke7 36. Nxb5 f5 37. Ke3 Kd7 38. g4 fxg4 39. hxg4 Ne7
40. Ke4 Nd5 41. Be5 Be7 42. Bd4 Nf6+ 43. Bxf6 Bxf6 44. Na3 g5 45. Nc4 b5 46.
Na3 Kc6 47. fxg5 Bxg5 48. Ke5 Bc1 49. Nc2 Kc5 50. Kxe6 Kc4 51. Kf5 b4 52. Ke4
b3 53. axb3+ Kxb3 54. Ne3 Kb4 55. g5 Kc5 56. g6 Bb2 57. Kf5 Bg7 58. Ke6 Kc6 59.
Ng4 Kc7 60. Kf7 Bd4 61. Nf6 1-0

[Event "4NCL/Div3/PPA1 vs. PPA2"]
[Site "Telford ENG"]
[Date "2004.11.06"]
[Round "1.4"]
[White "Bailey, Kevin"]
[Black "Harley, Andrew"]
[Result "1/2-1/2"]
[WhiteElo "2105"]
[BlackElo "2237"]
[PlyCount "46"]
[EventDate "2004.11.06"]
[SourceDate "2004.09.21"]

1. d4 e6 2. Nf3 Nf6 3. e3 b6 4. Bd3 Bb7 5. O-O d5 6. b3 Nbd7 7. Bb2 Bd6 8. Ne5
O-O 9. Nd2 Qe7 10. f4 Ne4 11. Qe2 f6 12. Nxd7 Qxd7 13. c4 f5 14. Nf3 c5 15.
Rfd1 Qe7 16. Rac1 cxd4 17. Bxd4 Ba3 18. Rc2 Nc5 19. cxd5 Nxd3 20. Qxd3 Bxd5 21.
Qe2 Rac8 22. Bb2 Bxb2 23. Rxb2 Bxf3 1/2-1/2

[Event "4NCL/Div3/PPA1 vs. PPA2"]
[Site "Telford ENG"]
[Date "2004.11.06"]
[Round "1.5"]
[White "Morgan, Ben"]
[Black "Winfridsson, Ola"]
[Result "0-1"]
[WhiteElo "2239"]
[BlackElo "2057"]
[PlyCount "72"]
[EventDate "2004.11.06"]
[SourceDate "2004.09.21"]

1. d4 Nf6 2. c4 e6 3. Nc3 Bb4 4. e3 c5 5. Nge2 b6 6. a3 Ba5 7. Rb1 Qe7 8. g3
Bb7 9. d5 Ne4 10. Bg2 Nxc3 11. bxc3 Qf6 12. O-O O-O 13. e4 d6 14. h4 h6 15. Bf4
exd5 16. exd5 Nd7 17. Be4 Rfe8 18. Bd3 Ne5 19. Bxe5 Rxe5 20. Rc1 Rae8 21. Nf4
Bc8 22. Nh5 Qe7 23. Qf3 Bh3 24. Rfd1 Qd7 25. Nf6+ gxf6 26. Qxf6 Bf5 27. Qxh6
Bxd3 28. Rxd3 Qf5 29. Rdd1 Re2 30. Rf1 Qe5 31. Rcd1 Bxc3 32. Rd3 Qf6 33. Qh5
Bd4 34. Qg4+ Qg6 35. Qf3 Qe4 36. Qxe4 R8xe4 0-1

[Event "4NCL/Div3/PPA1 vs. PPA2"]
[Site "Telford ENG"]
[Date "2004.11.06"]
[Round "1.6"]
[White "Retallick, Lloyd"]
[Black "Byway, Paul"]
[Result "1-0"]
[WhiteElo "2115"]
[BlackElo "2201"]
[PlyCount "67"]
[EventDate "2004.11.06"]
[SourceDate "2004.09.21"]

1. d4 Nf6 2. c4 e6 3. Nc3 d5 4. cxd5 exd5 5. Bg5 Bb4 6. e3 Nbd7 7. Bd3 c5 8.
Nge2 c4 9. Bc2 Qa5 10. O-O O-O 11. a3 Bxc3 12. Nxc3 Re8 13. Re1 Ne4 14. Nxe4
dxe4 15. Bf4 Nb6 16. f3 Bf5 17. Qb1 Qd5 18. Be5 f6 19. fxe4 Qc6 20. exf5 fxe5
21. Be4 Qf6 22. d5 Red8 23. Qc2 Rac8 24. Rad1 Qd6 25. f6 gxf6 26. Bxh7+ Kh8 27.
Bf5 Rc7 28. e4 Qc5+ 29. Kh1 Nc8 30. Qe2 Kg7 31. Qh5 Qd6 32. Re3 Ne7 33. Rg3+
Kf8 34. Qh8+ 1-0

[Event "4NCL/Div3/PPA1 vs. PPA2"]
[Site "Telford ENG"]
[Date "2004.11.06"]
[Round "1.7"]
[White "Rosen, Daniel B"]
[Black "McCorry, Rob"]
[Result "0-1"]
[WhiteElo "2165"]
[BlackElo "2065"]
[PlyCount "90"]
[EventDate "2004.11.06"]
[SourceDate "2004.09.21"]

1. e4 Nf6 2. e5 Nd5 3. d4 d6 4. c4 Nb6 5. f4 dxe5 6. fxe5 Nc6 7. Be3 Bf5 8. Nc3
e6 9. Be2 Be7 10. Nf3 O-O 11. O-O f6 12. exf6 Bxf6 13. Qd2 Qe7 14. Rad1 Rad8
15. Qc1 Rd7 16. d5 exd5 17. cxd5 Nb4 18. Bb5 Rdd8 19. Nd4 Bxd4 20. Bxd4 N4xd5
21. Nxd5 Rxd5 22. Rde1 Qd6 23. Bc4 Nxc4 24. Qxc4 b5 25. Qb3 c5 26. Re5 c4 27.
Rxd5 Qxd5 28. Qe3 a6 29. Bc5 Rc8 30. Bb4 Bd3 31. Rf4 Qc6 32. Qe7 h5 33. h4 Qg6
34. Rf8+ Rxf8 35. Qxf8+ Kh7 36. Qd6 Qg4 37. Be1 Qe2 38. Qb4 Qf1+ 39. Kh2 Be4
40. Qd2 Bxg2 41. Qc2+ Kg8 42. Bf2 Qh1+ 43. Kg3 Qh3+ 44. Kf4 Qf3+ 45. Ke5 Qf6#
0-1

[Event "4NCL/Div3/PPA1 vs. PPA2"]
[Site "Telford ENG"]
[Date "2004.11.06"]
[Round "1.8"]
[White "Thompson, Ian P"]
[Black "Djabri, Kathy"]
[Result "1/2-1/2"]
[WhiteElo "2055"]
[BlackElo "1998"]
[PlyCount "93"]
[EventDate "2004.11.06"]
[SourceDate "2004.09.21"]

{Board 8 Match result 0-1 [illegal player]} 1. e4 c5 2. Nf3 Nc6 3. d4 cxd4 4.
Nxd4 e5 5. Nb5 d6 6. N1c3 a6 7. Na3 b5 8. Nd5 Nce7 9. Bg5 Be6 10. c4 Bxd5 11.
exd5 bxc4 12. Nxc4 f6 13. Qa4+ Kf7 14. Qa3 Nf5 15. Bd2 Nd4 16. Rc1 f5 17. Bd3
Nf6 18. Ba5 Qb8 19. Nb6 Be7 20. Nxa8 Qxa8 21. Bb6 Nb5 22. Qa5 e4 23. Bxb5 axb5
24. Qxb5 Qxa2 25. O-O Qxd5 26. Qxd5+ Nxd5 27. Bd4 Rb8 28. g3 Rb7 29. Ra1 Rb4
30. Rfd1 Nf6 31. Ra7 Ke6 32. Bc3 Rb6 33. Rda1 h5 34. R1a6 Rb3 35. Kf1 g5 36.
Ke1 Nd5 37. Ra3 Rb5 38. Bd4 f4 39. R3a5 Rb4 40. Ra4 Rb3 41. Bh8 Nf6 42. Bxf6
Bxf6 43. Rxe4+ Kf5 44. Raa4 fxg3 45. hxg3 Rxb2 46. Kf1 Rb5 47. Reb4 1/2-1/2

[Event "4NCL/Div3/FCA1 vs. 3CS2"]
[Site "Telford ENG"]
[Date "2004.11.06"]
[Round "1.1"]
[White "Macdonald-Ross, Michael"]
[Black "Plant, Paul"]
[Result "1-0"]
[WhiteElo "2195"]
[BlackElo "2107"]
[PlyCount "41"]
[EventDate "2004.11.06"]
[SourceDate "2004.09.21"]

1. d4 d5 2. Nf3 Nf6 3. e3 c6 4. c4 a6 5. cxd5 cxd5 6. Nc3 Bg4 7. Qb3 Ra7 8. Ne5
Bf5 9. Be2 h5 10. Bd2 e6 11. Rc1 Nbd7 12. f4 Ne4 13. Nxe4 Bxe4 14. O-O Bd6 15.
Ba5 Qxa5 16. Rc8+ Ke7 17. Rxh8 Qd2 18. Bf3 Bc2 19. Qc3 Bb4 20. Re8+ Kf6 21.
Nxd7+ 1-0

[Event "4NCL/Div3/FCA1 vs. 3CS2"]
[Site "Telford ENG"]
[Date "2004.11.06"]
[Round "1.2"]
[White "Tompson, John C"]
[Black "Smith, Graham"]
[Result "1-0"]
[WhiteElo "2081"]
[BlackElo "2115"]
[PlyCount "67"]
[EventDate "2004.11.06"]
[SourceDate "2004.09.21"]

1. e4 d6 2. d4 Nf6 3. Nc3 g6 4. Bg5 Bg7 5. f4 h6 6. Bh4 Nh5 7. Nd5 c6 8. Nxe7
Nxf4 9. Nxc8 Qxh4+ 10. g3 Qd8 11. gxf4 Qxc8 12. Bh3 Qd8 13. Nf3 O-O 14. Kf2 Nd7
15. Bxd7 Qxd7 16. Rg1 Rae8 17. Qd3 Qe6 18. Rae1 Qxa2 19. f5 Qa5 20. fxg6 fxg6
21. Rxg6 Rxf3+ 22. Qxf3 Rf8 23. Rxg7+ Kxg7 24. Rg1+ Qg5 25. Rxg5+ hxg5 26.
Qxf8+ Kxf8 27. b4 b6 28. c4 a6 29. Ke3 Kf7 30. Kf3 Kg6 31. Kg4 a5 32. c5 dxc5
33. dxc5 axb4 34. cxb6 1-0

[Event "4NCL/Div3/FCA1 vs. 3CS2"]
[Site "Telford ENG"]
[Date "2004.11.06"]
[Round "1.3"]
[White "Reuben, Stewart"]
[Black "Hickman, Alexander"]
[Result "0-1"]
[WhiteElo "2150"]
[BlackElo "2099"]
[PlyCount "86"]
[EventDate "2004.11.06"]
[SourceDate "2004.09.21"]

1. c4 c5 2. g3 g6 3. Bg2 Bg7 4. Nc3 Nc6 5. e3 e5 6. Nge2 a6 7. Nd5 Nge7 8. Nec3
Rb8 9. Ne4 d6 10. Nef6+ Kf8 11. Nxe7 Nxe7 12. Nd5 b5 13. O-O bxc4 14. Qe2 Be6
15. e4 f5 16. f4 Bxd5 17. exd5 e4 18. Qxc4 Rb4 19. Qxa6 Nxd5 20. Rb1 {=} Nc7
21. Qc6 Bd4+ 22. Kh1 Kg7 23. b3 Qe7 24. Ba3 Rbb8 25. b4 Ra8 26. bxc5 dxc5 27.
Bb2 Rxa2 28. Bxd4+ cxd4 29. Rb7 Rc8 30. Rc1 d3 31. Rxc7 Rxc7 32. Qxc7 Qxc7 33.
Rxc7+ Kf6 34. Bf1 Rxd2 35. Rc6+ Ke7 36. Rc3 Kd6 37. Kg1 Kd5 38. Rc7 e3 39. Re7
Kd4 40. Rd7+ Kc3 41. Re7 e2 42. Bg2 Rd1+ 43. Kf2 Kd2 0-1

[Event "4NCL/Div3/FCA1 vs. 3CS2"]
[Site "Telford ENG"]
[Date "2004.11.06"]
[Round "1.4"]
[White "Wright, Jason"]
[Black "Constantinou, Peter"]
[Result "0-1"]
[WhiteElo "2067"]
[BlackElo "2106"]
[PlyCount "74"]
[EventDate "2004.11.06"]
[SourceDate "2004.09.21"]

1. e4 g6 2. d4 Bg7 3. Nc3 d5 4. e5 h5 5. Nf3 Bg4 6. h3 Bxf3 7. Qxf3 e6 8. Bd3
a6 9. Ne2 c5 10. c3 Nc6 11. Qg3 Nge7 12. Bg5 cxd4 13. cxd4 Qb6 14. Qh4 Qb4+ 15.
Kf1 Qxb2 16. Rb1 Qxa2 17. Rxb7 Qa1+ 18. Nc1 O-O 19. g4 Rfb8 20. Rxb8+ Rxb8 21.
Kg2 Qxd4 22. Bxe7 Nxe7 23. Qxe7 hxg4 24. h4 Qxe5 25. Ne2 Rb3 26. Qe8+ Bf8 27.
Bxg6 Qf6 28. Qxf7+ Qxf7 29. Bxf7+ Kxf7 30. Nd4 Rb2 31. Nc6 Bd6 32. Re1 g3 33.
Nd8+ Kg7 34. Nxe6+ Kg6 35. Nd4 Rxf2+ 36. Kg1 Bc5 37. Rd1 Rf4 0-1

[Event "4NCL/Div3/FCA1 vs. 3CS2"]
[Site "Telford ENG"]
[Date "2004.11.06"]
[Round "1.5"]
[White "Freeman, Richard C P"]
[Black "Lysons, John"]
[Result "1-0"]
[WhiteElo "2121"]
[BlackElo "1960"]
[PlyCount "49"]
[EventDate "2004.11.06"]
[SourceDate "2004.09.21"]

1. d4 d5 2. Nf3 Nf6 3. Bf4 e6 4. e3 Be7 5. h3 O-O 6. Bd3 Nbd7 7. Nbd2 c5 8. c3
a5 9. O-O b6 10. Re1 Ba6 11. Bc2 b5 12. Ne5 Nxe5 13. dxe5 Nd7 14. Qg4 Re8 15.
Nf3 Nf8 16. h4 Ng6 17. Bxg6 hxg6 18. h5 gxh5 19. Qxh5 g6 20. Qh3 b4 21. Kh2 Bd3
22. Rh1 Bf8 23. Bg5 Qc7 24. Bf6 Bg7 25. Kg1 1-0

[Event "4NCL/Div3/FCA1 vs. 3CS2"]
[Site "Telford ENG"]
[Date "2004.11.06"]
[Round "1.6"]
[White "Hazlehurst, Cory"]
[Black "Fraser-Mitchell, Jeremy"]
[Result "0-1"]
[WhiteElo "1960"]
[BlackElo "2082"]
[PlyCount "98"]
[EventDate "2004.11.06"]
[SourceDate "2004.09.21"]

1. e4 e6 2. d4 d5 3. Nc3 Bb4 4. exd5 Qxd5 5. Nf3 Nf6 6. Bd2 Bxc3 7. Bxc3 Nc6 8.
Qd3 Bd7 9. a3 O-O-O 10. Bd2 Rhe8 11. c4 Qe4+ 12. Qxe4 Nxe4 13. Be3 e5 14. d5
Nd4 15. O-O-O Nb3+ 16. Kb1 h6 17. Bd3 Nec5 18. Bc2 b6 19. Rhe1 Ba4 20. Bxc5 e4
21. Rxe4 Rxe4 22. Bxe4 Nxc5 23. Bc2 Bxc2+ 24. Kxc2 Ne4 25. Rf1 c6 26. dxc6 Kc7
27. Ne5 Rd2+ 28. Kc1 Re2 29. Rd1 Nc5 30. Nxf7 Kxc6 31. Rf1 Nd3+ 32. Kb1 Rxb2+
33. Ka1 Rd2 34. Nd8+ Kd7 35. Nf7 Ke7 36. Nh8 Kf6 37. h4 g6 38. g4 Kg7 39. Nxg6
Kxg6 40. f4 Rf2 41. Rd1 Nc5 42. f5+ Kg7 43. Rd6 Rf4 44. g5 hxg5 45. hxg5 Rxf5
46. Rc6 Rf7 47. Kb2 Rd7 48. Kc2 Ne4 49. g6 Nc5 0-1

[Event "4NCL/Div3/FCA1 vs. 3CS2"]
[Site "Telford ENG"]
[Date "2004.11.06"]
[Round "1.7"]
[White "Elwin, Adrian G"]
[Black "Glover, Richard"]
[Result "0-1"]
[WhiteElo "2077"]
[BlackElo "1940"]
[PlyCount "111"]
[EventDate "2004.11.06"]
[SourceDate "2004.09.21"]

1. Nf3 Nf6 2. c4 e6 3. d4 b6 4. Nc3 Bb4 5. Bg5 Bb7 6. e3 O-O 7. Bd3 c5 8. O-O
cxd4 9. exd4 Bxc3 10. bxc3 d6 11. Nd2 Nbd7 12. Ne4 Qe7 13. Qf3 Kh8 14. Rae1
Rac8 15. Qh3 g6 16. Nxf6 Nxf6 17. Qh4 Kg7 18. Qh6+ Kg8 19. Re3 Ng4 20. Qxh7+
Kxh7 21. Rh3+ Kg7 22. Bxe7 Rh8 23. Rxh8 Kxh8 24. h3 Nh6 25. Bxd6 Ba6 26. f4
Bxc4 27. Bxc4 Rxc4 28. Rf3 Nf5 29. Be5+ Kg8 30. g4 Ne7 31. h4 Nd5 32. h5 Rxc3
33. Rxc3 Nxc3 34. hxg6 fxg6 35. a3 Nb5 36. a4 Nc3 37. Bb8 a6 38. Bc7 Nxa4 39.
Kf2 b5 40. Ba5 Nb2 41. Ke2 Nc4 42. Bc3 Kf7 43. Kd3 a5 44. Be1 Ke7 45. d5 exd5
46. Kd4 Kd6 47. f5 gxf5 48. gxf5 b4 49. f6 Nb6 50. Bg3+ Ke6 51. Bc7 Nc4 52. Bd8
b3 53. Kc3 b2 54. Kc2 a4 55. Be7 a3 56. Kb1 0-1

[Event "4NCL/Div3/FCA1 vs. 3CS2"]
[Site "Telford ENG"]
[Date "2004.11.06"]
[Round "1.8"]
[White "Smith, Robyn"]
[Black "Chidi, Silvia"]
[Result "1/2-1/2"]
[WhiteElo "1940"]
[BlackElo "1905"]
[PlyCount "56"]
[EventDate "2004.11.06"]
[SourceDate "2004.09.21"]

1. e4 c5 2. Nf3 d6 3. Bb5+ Bd7 4. Bxd7+ Qxd7 5. O-O Nc6 6. c3 Nf6 7. Re1 e5 8.
d3 Be7 9. Nbd2 O-O 10. Nf1 Bd8 11. Ng3 Ne8 12. Be3 g6 13. Bh6 Ng7 14. d4 cxd4
15. cxd4 exd4 16. Nxd4 Bf6 17. Be3 Ne6 18. Nge2 Bg7 19. Qd2 Rfd8 20. Rac1 Rac8
21. Red1 d5 22. Nxc6 bxc6 23. exd5 cxd5 24. Rxc8 Qxc8 25. Bxa7 Qa6 26. Bd4 Bxd4
27. Nxd4 Nxd4 28. Qxd4 Qxa2 1/2-1/2

[Event "4NCL/Div3/SCS1 vs. GUI3"]
[Site "Telford ENG"]
[Date "2004.11.06"]
[Round "1.1"]
[White "Reynolds, D Ian"]
[Black "Thompson, Ian D"]
[Result "0-1"]
[WhiteElo "2101"]
[BlackElo "2235"]
[PlyCount "66"]
[EventDate "2004.11.06"]
[SourceDate "2004.09.21"]

1. e4 e6 2. d3 d5 3. Nd2 Nf6 4. Ngf3 Nc6 5. c3 a5 6. e5 Nd7 7. d4 f6 8. Bb5
fxe5 9. dxe5 Be7 10. O-O O-O 11. Qe2 Qe8 12. Re1 Nc5 13. Nb3 Bd7 14. Nxc5 Bxc5
15. Bd3 Qh5 16. Be3 Be7 17. Bd2 Be8 18. Rad1 Bg6 19. Bc1 Bf5 20. Nd4 Qxe2 21.
Rxe2 Nxd4 22. cxd4 c5 23. dxc5 Bxc5 24. Be3 Bxe3 25. Rxe3 Rac8 26. g3 g5 27.
Bxf5 Rxf5 28. Rd2 b5 29. Kg2 Kg7 30. Ree2 Rc4 31. f3 Kg6 32. b3 Rc3 33. Rc2
Rxe5 0-1

[Event "4NCL/Div3/SCS1 vs. GUI3"]
[Site "Telford ENG"]
[Date "2004.11.06"]
[Round "1.2"]
[White "Anderton, Matthew N"]
[Black "Lutton, E Josiah"]
[Result "1-0"]
[WhiteElo "2233"]
[BlackElo "2062"]
[PlyCount "39"]
[EventDate "2004.11.06"]
[SourceDate "2004.09.21"]

1. e4 e6 2. d4 d5 3. Nc3 Bb4 4. e5 c5 5. a3 Bxc3+ 6. bxc3 Qa5 7. Bd2 Qa4 8. Qg4
g6 9. c4 Nc6 10. Nf3 cxd4 11. cxd5 exd5 12. Qf4 Nge7 13. Qf6 Rf8 14. Bd3 Be6
15. O-O a6 16. Rfb1 b5 17. Bb4 Ra7 18. Ng5 Nd8 19. Nxh7 Rg8 20. Qh4 1-0

[Event "4NCL/Div3/SCS1 vs. GUI3"]
[Site "Telford ENG"]
[Date "2004.11.06"]
[Round "1.4"]
[White "Allinson, Julian"]
[Black "Bland, David"]
[Result "1/2-1/2"]
[WhiteElo "2107"]
[BlackElo "2010"]
[PlyCount "32"]
[EventDate "2004.11.06"]
[SourceDate "2004.09.21"]

1. d4 d5 2. Nf3 Nf6 3. c4 c6 4. Qc2 e6 5. Nbd2 Nbd7 6. g3 Be7 7. Bg2 O-O 8. O-O
b6 9. b3 Bb7 10. Bb2 c5 11. Rad1 Qc7 12. Qb1 Rac8 13. dxc5 bxc5 14. e3 Rfd8 15.
Qa1 Ne8 16. Ne5 f6 1/2-1/2

[Event "4NCL/Div3/SCS1 vs. GUI3"]
[Site "Telford ENG"]
[Date "2004.11.06"]
[Round "1.5"]
[White "Heard, Andrew H"]
[Black "Singleton, Michael"]
[Result "1-0"]
[WhiteElo "1980"]
[BlackElo "2126"]
[PlyCount "141"]
[EventDate "2004.11.06"]
[SourceDate "2004.09.21"]

1. Nf3 Nf6 2. c4 g6 3. Nc3 Bg7 4. g3 d6 5. Bg2 O-O 6. O-O Nc6 7. d3 e5 8. Rb1
a5 9. a3 h6 10. Bd2 Be6 11. Qc1 Kh7 12. b4 axb4 13. axb4 Qd7 14. b5 Ne7 15. Qc2
Nh5 16. e4 g5 17. Nd5 b6 18. Be3 Kh8 19. Nd2 Ra7 20. Ra1 Rfa8 21. Qb2 Nf4 22.
gxf4 gxf4 23. Bxb6 Rxa1 24. Rxa1 Rxa1+ 25. Qxa1 Bxd5 26. Qa7 Nc8 27. Qxc7 Nxb6
28. Qxb6 Bb7 29. Nb3 Bf6 30. c5 Bd8 31. Qxd6 Qxd6 32. cxd6 Bb6 33. d7 Kg7 34.
Kf1 Kf8 35. Ke2 Ke7 36. Bh3 Kd6 37. Bf5 Bd8 38. d4 exd4 39. Nxd4 Kc5 40. Kd3
Ba8 41. e5 Bd5 42. e6 Bc4+ 43. Kc3 Ba5+ 44. Kc2 fxe6 45. Nxe6+ Bxe6 46. Bxe6
Kxb5 47. Kd3 Kc5 48. Ke4 Bc7 49. Kf5 Kd6 50. Kf6 Bd8+ 51. Kf7 Bh4 52. Bf5 Kc7
53. f3 Kd6 54. Kg6 Bd8 55. Kxh6 Ke5 56. Bc2 Kf6 57. Kh5 Ke6 58. Ba4 Kf5 59. Bb3
Be7 60. Kh6 Kf6 61. h4 Bd8 62. h5 Bc7 63. Kh7 Ke7 64. Ba4 Kf7 65. h6 Ba5 66.
Bc2 Bb6 67. Bg6+ Kf8 68. Be8 Bd8 69. Kg6 Kg8 70. h7+ Kh8 71. Bf7 1-0

[Event "4NCL/Div3/SCS1 vs. GUI3"]
[Site "Telford ENG"]
[Date "2004.11.06"]
[Round "1.6"]
[White "Lang, Heather"]
[Black "Lutton, J Arnold"]
[Result "0-1"]
[WhiteElo "2068"]
[BlackElo "1950"]
[PlyCount "102"]
[EventDate "2004.11.06"]
[SourceDate "2004.09.21"]

1. e4 e6 2. Nc3 d5 3. d4 Bb4 4. Nge2 Nf6 5. a3 Be7 6. e5 Nfd7 7. f4 c5 8. Be3
Nc6 9. g3 a6 10. dxc5 Nxc5 11. Nd4 Qc7 12. Bg2 b6 13. Nxd5 exd5 14. Nxc6 Bb7
15. Nd4 Rd8 16. O-O O-O 17. Nf5 Rfe8 18. Bd4 Ne6 19. c3 Bf8 20. Ne3 Rd7 21. Qb3
Nc5 22. Qc2 Red8 23. Bh3 Re7 24. Rae1 Ne6 25. Qd2 Ree8 26. Ng4 Rc8 27. Rf2 Qd8
28. f5 Ng5 29. Bg2 Ne4 30. Bxe4 dxe4 31. f6 Re6 32. Qg5 Rc7 33. fxg7 Qxg5 34.
gxf8=Q+ Kxf8 35. Nf6 Qg6 36. Be3 Ke7 37. Rd1 Rxf6 38. Rxf6 Qg4 39. Rdf1 Ke8 40.
Bxb6 Rc6 41. R6f4 Qe2 42. R4f2 Qd3 43. Bd4 Rc7 44. e6 Bd5 45. Rxf7 Rxf7 46.
Rxf7 Bxe6 47. Rxh7 Qd1+ 48. Kf2 Qf3+ 49. Ke1 e3 50. Rh8+ Kd7 51. Rh7+ Kc6 0-1